| 000 | 00686nam a2200169Ia 4500 | ||
|---|---|---|---|
| 008 | 090711s9999 xx 000 0 und d | ||
| 082 | _b1079 | ||
| 100 | _aशहा विभा | ||
| 245 | _aमराठी ऐतिहासिक कांदबरी एक अभ्यास | ||
| 260 |
_bमहेता पब्लिकेशन हाऊस _c1998 |
||
| 300 | _a337 | ||
| 600 | _aशहा विभा | ||
| 630 | _aमराठी ऐतिहासिक कांदबरी एक अभ्यास | ||
| 700 | _aशहा विभा | ||
| 730 | _aमराठी ऐतिहासिक कांदबरी एक अभ्यास | ||
| 942 | _cBOOK | ||
| 999 |
_c333913 _d333913 |
||